000 00343nam a2200145Ia 4500
005 20251222153636.0
008 251222s9999||||xx |||||||||||||| ||spa||
020 _a8486703433
082 _a658.14/A52
100 _aAmat Salas, Joan M.
245 0 _aPlanificación Financiera
250 _a1ra.ed.
264 _bEada Gestión
942 _cLIB
999 _c32569
_d32569